000 00277nam a22001217a 4500
999 _c159334
_d159334
082 _a
_b
100 _aIrfan Habib
245 _aPost maurayan India 200 BC-AD 300/
_cby Irfan Habib.
260 _aNew Delhi:
_bTulika Book,
_c
300 _a144p.
650 _a
942 _cBK